000 00764 a2200193 4500
001 54366
005 20260407155816.0
008 260407a1970 arg spa d
003 AR-UNSa-BCEJYS
040 _aAR-UNSa-BCEJYS
_bspa
_cAR-UNSa-BCEJYS
080 _a339.9
_xEconomía internacional en general. Relaciones económicas internacionales. Economía mundial
245 1 0 _aLa nueva economía
264 1 _aBarcelona :
_bEdiciones Ariel
_c1970
300 _a410 p.
_c19 cm.
505 _a1. Sobre el método de análisis teórico de la economía soviética – 2. La ley de la acumulación socialista originaria – 3. La ley del valor de la economía soviética.
942 _cBK
590 _aniveau_biblio:m niveau_hierar:0
100 1 _aPreobrazhenski, Eugen
999 _c5526
_d5526